Sports literature, (Record no. 1876)
[ view plain ]
| 000 -LEADER | |
|---|---|
| fixed length control field | 01260cam a2200385 4500 |
| 001 - CONTROL NUMBER | |
| control field | data |
| 005 - DATE AND TIME OF LATEST TRANSACTION | |
| control field | 20260322212122.0 |
| 008 - FIXED-LENGTH DATA ELEMENTS--GENERAL INFORMATION | |
| fixed length control field | data |
| 035 ## - SYSTEM CONTROL NUMBER | |
| System control number | 3623069 |
| 010 ## - LIBRARY OF CONGRESS CONTROL NUMBER | |
| LC control number | 74009910 |
| 020 ## - INTERNATIONAL STANDARD BOOK NUMBER | |
| International Standard Book Number | 0070070857 |
| 020 ## - INTERNATIONAL STANDARD BOOK NUMBER | |
| International Standard Book Number | 9780070070851 |
| 035 ## - SYSTEM CONTROL NUMBER | |
| -- | (DLC) 74009910 |
| 040 ## - CATALOGING SOURCE | |
| Original cataloging agency | DLC |
| Transcribing agency | DLC |
| Modifying agency | DLC |
| 042 ## - AUTHENTICATION CODE | |
| Authentication code | lcac |
| 050 00 - LIBRARY OF CONGRESS CALL NUMBER | |
| Classification number | GV707 |
| Item number | .B68 |
| 082 00 - DEWEY DECIMAL CLASSIFICATION NUMBER | |
| Classification number | 796 |
| 100 1# - MAIN ENTRY--PERSONAL NAME | |
| Personal name | Brady, John Joseph, |
| Dates associated with a name | 1942- |
| Relator term | editor. |
| 245 10 - TITLE STATEMENT | |
| Title | Sports literature, |
| Statement of responsibility, etc. | edited by John Brady and James Hall. |
| 260 ## - PUBLICATION, DISTRIBUTION, ETC. | |
| Place of publication, distribution, etc. | New York, |
| Name of publisher, distributor, etc. | McGraw-Hill |
| Date of publication, distribution, etc. | [1974, c1975] |
| 300 ## - PHYSICAL DESCRIPTION | |
| Extent | vii, 267 p. |
| Dimensions | 23 cm. |
| 336 ## - CONTENT TYPE | |
| Content type term | text |
| Content type code | txt |
| Source | rdacontent |
| 337 ## - MEDIA TYPE | |
| Media type term | unmediated |
| Media type code | n |
| Source | rdamedia |
| 338 ## - CARRIER TYPE | |
| Carrier type term | volume |
| Carrier type code | nc |
| Source | rdacarrier |
| 490 0# - SERIES STATEMENT | |
| Series statement | Patterns in literary art |
| 520 ## - SUMMARY, ETC. | |
| Summary, etc. | An anthology exploring the athletic experience through poetry, essays, and stories written by sports columnists, literary figures, and athletes themselves. |
| 650 #0 - SUBJECT ADDED ENTRY--TOPICAL TERM | |
| Topical term or geographic name entry element | Sports stories. |
| 650 #1 - SUBJECT ADDED ENTRY--TOPICAL TERM | |
| Topical term or geographic name entry element | Sports. |
| 650 #1 - SUBJECT ADDED ENTRY--TOPICAL TERM | |
| Topical term or geographic name entry element | Sports |
| General subdivision | Fiction. |
| 700 1# - ADDED ENTRY--PERSONAL NAME | |
| Personal name | Hall, Jim, |
| Dates associated with a name | 1942- |
| Relator term | editor. |
| 906 ## - LOCAL DATA ELEMENT F, LDF (RLIN) | |
| a | 7 |
| b | cbc |
| c | orignew |
| d | 1 |
| e | ocip |
| f | 19 |
| g | y-gencatlg |
| 991 ## - | |
| -- | c-GenColl |
| -- | GV707 |
| -- | .B68 |
| -- | Copy 1 |
| -- | BOOKS |
| Withdrawn status | Lost status | Damaged status | Not for loan | Home library | Current library | Shelving location | Date acquired | Total checkouts | Full call number | Barcode | Date last seen | Price effective from | Koha item type |
|---|---|---|---|---|---|---|---|---|---|---|---|---|---|
| Troy | Troy | General stacks | 22/03/2026 | 796 | LOC-TPL-00008 | 22/03/2026 | 22/03/2026 | Books |